00547nam a2200145 4500008004100000082001600041110003500057245007000092260005200162300004100214650002800255942000700283952009600290999001500386240113b |||||||| |||| 00| 0 eng d a305.23bUNI aUnited Nations Children's fund aNational survey on emerging issues among adolescents in Sri Lanka aColombo:bUnited Nations Children's fund,c2004 axviii, 112 p.bBibliography included aAdolescents - Sri Lanka cRP 00102ddc4070aMAINbMAINd2024-01-13l0o305.23 UNIpRAF4719r2024-01-13w2024-01-13yRP c4614d4614